000 00533nam a2200193Ia 4500
005 20250326142430.0
008 250326s9999 xx 000 0 und d
020 _a0-87584-416-2
037 _aTextbook
040 _aFMSL
_beng
_cFMSL
041 _aeng
_2eng
084 _aX:74 N4;2
_qFMSL
100 _aHamel G
_9735461
245 0 _aCompeting for the future
_cHamel G; Prahalad C K
260 _aUSA
_bUSA, Harvard Business School
_c1996
300 _a378p
942 _cTB
_hX:74 N4;2
999 _c1294995
_d1294995